000 00564nam a2200217Ia 4500
003 OSt
005 20220924143227.0
006 a|||||r|||| 00| 0
007 ta
008 220923b |||||||| |||| 00| 0 urd d
024 _a307335
037 _cTextual
040 _aARTS
_cARTS
_burd
041 _2urd
_aurd
082 _aY:52:5(Q7), 168K8
100 _aFarooqi Abul Hasan Zaid
245 0 _aMasaala-e-zapte wiladat
260 _c1968
942 _hY:52:5(Q7), 168K8
_cTEXL
_2CC
999 _c453694
_d453694